Presidents Alphabetichronologically Quiz Stats

 Plays Quiz Updated Jun 12, 2018

Score 0/40 Timer 06:00
6 Plays Today
Next one... President % Correct
????
100%
????
97.1%
????
91%
????
83.2%
????
73.9%
????
73.2%
????
67.2%
????
65.8%
????
59.5%
????
58.3%
????
46.8%
????
46.5%
????
45.6%
????
45%
????
40.8%
????
40.1%
????
37.9%
????
37.5%
????
35.4%
????
35.1%
Next one... President % Correct
????
34.2%
????
33.9%
????
32.9%
????
32.7%
????
29.1%
????
28.1%
????
25.9%
????
25.7%
????
25.4%
????
25%
????
23.7%
????
22.4%
????
20.8%
????
20.5%
????
19.5%
????
19%
????
18.1%
????
17.4%
????
16.3%
????
15.9%

You're not logged in!

Compare scores with friends on all Sporcle quizzes.
OR
Log In

Sporcle TV

Today on Sporcle TV


Watch our educational content, quiz creation guides, and fun videos on Sporcle TV.

Show Comments

Extras

Top Quizzes Today


Score Distribution

Your Account Isn't Verified!

In order to create a playlist on Sporcle, you need to verify the email address you used during registration. Go to your Sporcle Settings to finish the process.

Report this User

Report this user for behavior that violates our Community Guidelines.

Details: